000 00484nam a2200157Ia 4500
008 230711s9999||||xx |||||||||||||| ||und||
041 _aENG
082 _a624
_bBU-I
100 _aBureau of Indian Standard
245 0 _aIS : 875 Pt IV 1989
_bCode of practice for design loads other than earthqauke) for buildings and structures :Pt-4 snow loads
250 _a2nd
260 _c1989
_aNew Delhi
_bBureau of Indian Standard
300 _a8
650 _aCivil Engineering
942 _cBK
999 _c7855
_d7855